MARC details
| 000 -LEADER |
| fixed length control field |
01937nam a2200265 a 4500 |
| 008 - FIXED-LENGTH DATA ELEMENTS--GENERAL INFORMATION |
| fixed length control field |
180906s2012 ||||||||||||||||| || u |
| 010 ## - LIBRARY OF CONGRESS CONTROL NUMBER |
| LC control number |
2011038951 |
| 020 ## - INTERNATIONAL STANDARD BOOK NUMBER |
| International Standard Book Number |
9781608716890 (pbk. : alk. paper) |
| 020 ## - INTERNATIONAL STANDARD BOOK NUMBER |
| International Standard Book Number |
1608716899 (pbk. : alk. paper) |
| 050 ## - LIBRARY OF CONGRESS CALL NUMBER |
| Classification number |
JA 71 Joh |
| 100 ## - MAIN ENTRY--PERSONAL NAME |
| Personal name |
Reynolds, H. T |
| 245 10 - TITLE STATEMENT |
| Title |
Political science research methods. (7th ed.) |
| Statement of responsibility, etc. |
By Janet Buttolph Johnson and H. T. Reynolds |
| 250 ## - EDITION STATEMENT |
| Edition statement |
7th ed. |
| 260 ## - PUBLICATION, DISTRIBUTION, ETC. |
| Place of publication, distribution, etc. |
Los Angeles: |
| Name of publisher, distributor, etc. |
CQ Press |
| Date of publication, distribution, etc. |
2012 |
| 300 ## - PHYSICAL DESCRIPTION |
| Extent |
xxxi, 646p. : ill. |
| 350 ## - |
| -- |
78.45 |
| 500 ## - GENERAL NOTE |
| General note |
Includes bibliographical references and index |
| 505 ## - |
| -- |
The empirical approach to political science -- Beginning the research process : identifying a research topic, developing research questions, and reviewing the literature -- The building blocks of social scientific research : hypotheses, concepts, and variables -- The building blocks of social scientific research : measurement -- Research design : making causal inferences -- Sampling -- Making empirical observations : direct and indirect observation -- Document analysis : using the written record -- Survey research and interviewing -- Making sense of data : first steps -- Statistical inference -- Investigating relationships between two variables -- Multivariate analysis -- The research report : an annotated example. |
| 650 #0 - SUBJECT ADDED ENTRY--TOPICAL TERM |
| Topical term or geographic name entry element |
POLITICAL SCIENCE-RESEARCH-METHODOLOGY |
| 700 ## - ADDED ENTRY--PERSONAL NAME |
| Personal name |
Johnson, Janet Buttolph |
| 995 ## - |
| -- |
MAIN LIBRARY OPEN ACCESS |
| -- |
748573 |
| -- |
CBU-MAIN LIBRARY (Kitwe) |
| -- |
78.45 |
| -- |
JA 71 Joh |
| -- |
2 |
| -- |
AVAILABLE |
| -- |
Sep 6, 2018 |
| -- |
748573 |
| -- |
Main Library Open Access Collection |
| 995 ## - |
| -- |
ANNEX COLLECTION (Main Library) |
| -- |
748574 |
| -- |
CBU-MAIN LIBRARY (Kitwe) |
| -- |
78.45 |
| -- |
JA 71 Joh |
| -- |
3 |
| -- |
AVAILABLE |
| -- |
Sep 6, 2018 |
| -- |
748574 |
| -- |
Annex Low-Usage Collection |
| 995 ## - |
| -- |
ANNEX COLLECTION (Main Library) |
| -- |
748572 |
| -- |
CBU-MAIN LIBRARY (Kitwe) |
| -- |
78.45 |
| -- |
JA 71 Joh |
| -- |
1 |
| -- |
AVAILABLE |
| -- |
Sep 6, 2018 |
| -- |
748572 |
| -- |
Annex Low-Usage Collection |
| 999 ## - |
| -- |
82039 |
| -- |
82039 |